Los que nacimos con el siglo (Record no. 137578)

MARC details
000 -LEADER
campo de control de longitud fija 00595nam a2200193 i 4500
001 - NÚMERO DE CONTROL
campo de control 137578
003 - IDENTIFICADOR DE NÚMERO DE CONTROL
campo de control ES-MaACL
005 - FECHA Y HORA DE LA ÚLTIMA TRANSACCIÓN
campo de control 20230906195411.0
007 - CAMPO FIJO DE DESCRIPCIÓN FÍSICA--INFORMACIÓN GENERAL
campo de control de longitud fija t|
008 - DATOS DE LONGITUD FIJA--INFORMACIÓN GENERAL
campo de control de longitud fija 070214s1953 sp r ||||1|bspa d
080 ## - NÚMERO DE LA CLASIFICACIÓN DECIMAL UNIVERSAL
Número de la Clasificación Decimal Universal 946"19"(093.32)
080 ## - NÚMERO DE LA CLASIFICACIÓN DECIMAL UNIVERSAL
Número de la Clasificación Decimal Universal 929 Salaya, Guillén
100 1# - ENTRADA PRINCIPAL--NOMBRE DE PERSONA
Nombre de persona Guillén Salaya, Francisco.
9 (RLIN) 60792
245 14 - MENCIÓN DEL TÍTULO
Título Los que nacimos con el siglo
Resto del título : (biografía de una juventud) /
Mención de responsabilidad, etc. Guillén Salaya.
260 ## - PUBLICACIÓN, DISTRIBUCIÓN, ETC.
Lugar de publicación, distribución, etc. Madrid :
Nombre del editor, distribuidor, etc. Colenda,
Fecha de publicación, distribución, etc. [1953]
300 ## - DESCRIPCIÓN FÍSICA
Extensión 218 p. ;
Dimensiones 21 cm.
651 #4 - PUNTO DE ACCESO ADICIONAL DE MATERIA--NOMBRE GEOGRÁFICO
Nombre geográfico España-
Subdivisión general Historia-
Subdivisión cronológica S.XX-
Subdivisión de forma Relatos personales.
9 (RLIN) 8365
852 ## - LOCALIZACIÓN
Ubicación ES-MaACL
Número de control de estantería D-9048
Holdings
Estatus retirado Estado de pérdida Estado de daño No para préstamo Biblioteca de origen Biblioteca actual Ubicación en estantería Fecha de adquisición Fuente de adquisición Total de préstamos Signatura topográfica completa Código de barras Visto por última vez Precio de reemplazo Tipo de ítem Koha
        Biblioteca del Ateneo de Madrid Biblioteca del Ateneo de Madrid Sala Valle Inclán 17/01/2008     D-9048 901143167 23/02/2023 23/02/2023 Libro impreso